00342pab a2200133 454500008004000000100001700040245003600057260000900093300001300102362001100115650002800126650002000154773003400174180718b2008 xxu||||| |||| 00| 0 eng d aSen, Binayak aThoughts on Alma-Ata and beyond c2008 ap.36-39. a22 Nov aHealth services - India aHealth services aEconomic and Political Weekly